000 00585nam a2200193Ia 4500
003 LK-CoDNM
005 20240228114407.0
008 010623t1900 xxu||||| |||| 00| 1 sin d
040 _aLK-CoDNM
_dLK-CoDNM
_eLK-CoDNM
041 _asin
080 _a104 W11
100 _aMoscrop,T
245 _aයේසුස් ක්‍රිස්තුස් වහන්සේගේ ජීවිත කථාව
246 _aThe life of jesus christ
260 _bCeylo christian literature society
_aColobmo
_c1900
300 _bDamaged
_a191p.,21 cm
650 _aBiography
942 _cBK
999 _c85044
_d85044